• 首页
  • 本馆介绍
  • 公告通知
  • 最新文献
  • 馆藏检索
  • 电子资源
  • 读者导购
  • 参考咨询
  • 我的图书馆
  • 登录
  • 详细信息显示
  • 放入我的书架
  • 预约/预借图书
  • 作者相关作品
  • 分类相关作品
  • 丛书相关作品
  • 出版社相关作品

书目信息

  • 表格格式
  • 工作单格式
  • 卡片格式
题名:
万历十五年
    
 
作者: 黄仁宇 著
分册:  
出版信息: 北京   中华书局  1982.5
页数: 250页页
开本: 20cm
丛书名:
单 册:
中图分类: K248
科图分类:
主题词: 中国--历史
电子资源:
ISBN:
000 00544nam0 2200205 45
001 0312221749
005 20040506134650.4
010    @dCNY0.93
091    @a11018.1034
100    @a20031222d1982 km y0chiy0120 ea
101    @achi
105    @a z 000yy
200 1  @a万历十五年@AWan Li Shi Wu Nian@f(美)黄仁宇著@F(Mei)Huang Ren Yu Zhu
210    @a北京@c中华书局@d1982.5
215    @a250页页@d20cm
606 0  @a中国@x历史
690    @aK248@v3
701 0  @a黄仁宇@4著
801    @aCN@bTSTCL@c20031222
905    @dK248@e4@f1@b75769@b159959@f1
    
    万历十五年/(美)黄仁宇著.-北京:中华书局,1982.5
    250页页;20cm
    
    
    ISBN :CNY0.93
    
●
相关链接 在E读中查询图书 在五车中查询图书 在当当中查询图书 在豆瓣中查询图书


正题名:万历十五年     索取号:K248/4         预约/预借

序号 登录号 条形码 馆藏地/架位号 状态 备注
1 0075769   001311556   第二借阅区/ [索取号:K248/4] 在馆    
2 0075770   001671104   密集书库/ [索取号:K248/4] 在馆    
3 0075771   001671113   密集书库/ [索取号:K248/4] 在馆    
4 0075772   001671122   密集书库/ [索取号:K248/4] 在馆    
5 0075773   001671079   密集书库/ [索取号:K248/4] 在馆    
6 0079615   001671088   密集书库/ [索取号:K248/4] 在馆    
7 0079616   001671060   密集书库/ [索取号:K248/4] 在馆    
8 0079617   001671015   密集书库/ [索取号:K248/4] 在馆    
9 0159959   001311547   第二借阅区/ [索取号:K248/4] 在馆    
10 0159960   001288500   第二借阅区/ [索取号:K248/4] 在馆    
11 0159961   202120276   第二样本阅览室/ [索取号:K248/4] 在馆    
12 0324863   203248636   第二借阅区/ [索取号:K248/4] 在馆    
13 0324864   203248645   第二借阅区/ [索取号:K248/4] 在馆    
14 0324865   203248654   第二借阅区/ [索取号:K248/4] 在馆    
15 0324866   203248663   第二借阅区/ [索取号:K248/4] 在馆    
16 0324867   203248672   第二借阅区/ [索取号:K248/4] 在馆    
唐山师范学院图书馆 欢迎您!
大连网信软件有限公司© 版权所有